Autour des candidats ET des élections présidentielles depuis 1848 - Statistiques

Statistiques générales
  • Ce quiz a été pris 33 fois
  • Le résultat moyen est 86 sur 171
Statistiques - réponses
Hint Score Réponse % Correct
CANDIDATS EN 1848 74.31 Louis-Napoléon {Bonaparte} Bonapartiste
100%
CANDIDATS EN 1988 (1er tour) 14.39 Jean-Marie {Le Pen} Front National
97%
CANDIDATS EN 1995 (1er tour) 15.00 Jean-Marie {Le Pen} Front National
97%
CANDIDATS EN 2002 17.79 Jean-Marie {Le Pen} Front National
97%
CANDIDATS EN 2007 (1er tour) 10.44 Jean-Marie {Le Pen} Front National
97%
CANDIDATS EN 2012 (1er tour) 17.90 Marine {Le Pen} Front National
97%
CANDIDATS EN 2017 33.90 Marine {Le Pen} Front National
97%
CANDIDATS EN 2022 41.45 Marine {Le Pen} Rassemblement national
97%
CANDIDATS EN 1981 (1er tour) 18.00 Jacques {Chirac} RPR - Gaulliste
94%
CANDIDATS EN 1988 45.98 Jacques {Chirac} RPR - Gaulliste
94%
CANDIDATS EN 1995 52.64 Jacques {Chirac} RPR - Gaulliste
94%
CANDIDATS EN 2002 82.21 Jacques {Chirac} RPR - Gaulliste
94%
CANDIDATS EN 1995 47.36 Lionel {Jospin} Parti Socialiste
94%
CANDIDATS EN 2002 (1er tour) 16.18 Lionel {Jospin} Parti Socialiste
94%
CANDIDATS EN 1965 55.20 Charles {de Gaulle} UNR - Gaulliste
91%
CANDIDATS EN 1958 78.51 Charles {de Gaulle} UNR - Gaulliste
91%
CANDIDATS EN 2017 66.10 Emmanuel {Macron} LREM
91%
CANDIDATS EN 2022 58.55 Emmanuel {Macron} LREM
91%
CANDIDATS EN 2012 51.64 François {Hollande} CANDIDATS EN 2012
91%
CANDIDATS EN 1969 58.21 Georges {Pompidou} UDR - Gaulliste
91%
CANDIDATS EN 2012 (1er tour) 11.10 Jean-Luc {Mélenchon} Parti de Gauche
91%
CANDIDATS EN 2017 (1er tour) 19.58 Jean-Luc {Mélenchon} La France Insoumise
91%
CANDIDATS EN 2022 (1er tour) 21.95 Jean-Luc {Mélenchon} La France Insoumise
91%
CANDIDATS EN 2007 53.06 Nicolas {Sarkozy} UMP - Centre droit
91%
CANDIDATS EN 2012 48.36 Nicolas {Sarkozy} Nicolas {Sarkozy}
91%
CANDIDATS EN 2007 46.94 Ségolène {Royal} Parti Socialiste
91%
CANDIDATS EN 1974 50.81 Valéry {Giscard d'Estaing} Républicains indépendants
91%
CANDIDATS EN 1981 48.24 Valéry {Giscard d'Estaing} Républicains indépendants
91%
CANDIDATS EN 2022 (1er tour) 7.07 Eric {Zemmour} Reconquête
88%
CANDIDATS EN 2002 (1er tour) 6.84 François {Bayrou} UDF - Centre droit
88%
CANDIDATS EN 2007 (1er tour) 18.57 François {Bayrou} UDF - Centre droit
88%
CANDIDATS EN 2012 (1er tour) 9.13 François {Bayrou} MoDem - centre droit
88%
CANDIDATS EN 1965 44.80 François {Mitterrand} CIR - Gauche républicaine
88%
CANDIDATS EN 1974 49.19 François {Mitterrand} Parti Socialiste
88%
CANDIDATS EN 1981 51.76 François {Mitterrand} Parti Socialiste
88%
CANDIDATS EN 1988 54.02 François {Mitterrand} Parti Socialiste
88%
CANDIDATS EN 1995 18.58 Edouard {Balladur} RPR - Gaulliste
84%
CANDIDATS EN 1995 (1er tour) 5.30 Arlette {Laguiller} Lutte ouvrière
81%
CANDIDATS EN 2002 (1er tour) 5.72 Arlette {Laguiller} Lutte ouvrière
81%
CANDIDATS EN 1895 53.75 Félix {Faure} Républicain progressiste
81%
CANDIDATS EN 1932 14.67 Paul {Faure} SFIO - Socialiste
81%
CANDIDATS EN 1887 74.49 Sadi {Carnot} Union des gauches
81%
CANDIDATS EN 2017 (1er tour) 6.36 Benoît {Hamon} Parti Socialiste
78%
CANDIDATS EN 2017 (1er tour) 20.01 François {Fillon} Les Républicains
78%
CANDIDATS EN 1981 (1er tour) 15.35 Georges {Marchais} Parti Communiste
78%
CANDIDATS EN 1906 43.75 Paul {Doumer} Radical indépendant
78%
CANDIDATS EN 1931 57.08 Paul {Doumer} Radical indépendant
78%
CANDIDATS EN 1913 55.97 Raymond {Poincaré} Alliance démocratique
78%
CANDIDATS EN 1969 41.79 Alain {Poher} Centre démocrate
75%
CANDIDATS EN 1924 60.38 Gaston {Doumergue} Parti Radical
75%
CANDIDATS EN 1988 (1er tour) 16.55 Raymond {Barre} UDF - Centre droit
75%
CANDIDATS EN 1947 51.19 Vincent {Auriol} SFIO - Socialiste
75%
CANDIDATS EN 1932 81.47 Albert {Lebrun} Alliance démocratique
72%
CANDIDATS EN 1939 57.08 Albert {Lebrun} Alliance démocratique
72%
CANDIDATS EN SEPTEMBRE 1920 88.42 Alexandre {Millerand} Indépendant
72%
CANDIDATS EN 1974 (1er tour) 15.11 Jacques {Chaban-Delmas} UDR - Gaulliste
72%
CANDIDATS EN 1879 84.03 Jules {Grévy} Républicain modéré
69%
CANDIDATS EN 1885 79.34 Jules {Grévy} Républicain modéré
69%
CANDIDATS EN 2002 (1er tour) 5.25 Noël {Mamère} Ecologiste
69%
CANDIDATS EN 1887 1.33 Jules {Ferry} Union démocratique
66%
Département du meilleur score pour le vainqueur (suffrage universel) 2017 Paris 89.67 %
66%
Département du meilleur score pour le vainqueur (suffrage universel) 2022 Paris 85.11 %
66%
Département du pire score pour le second (suffrage universel) 2017 Paris 10.32 %
66%
Département du pire score pour le second (suffrage universel) 2022 Paris 14.89 %
66%
CANDIDATS EN 1953 54.76 René {Coty} CNIP - Indépendant
66%
Abstention au 1er tour (taux les plus élevés) Année 2022 26.31 %
63%
Abstention au 2e tour (taux les plus élevés) Année 2022 28.01 %
63%
CANDIDATS EN 1899 59.48 Emile {Loubet} Gauche républicaine
63%
CANDIDATS EN 1995 (1er tour) 8.64 Robert {Hue} Parti Communiste
63%
Abstention au 2e tour (taux les plus bas) Année 1981 14.1 %
59%
Abstention au 1er tour (taux les plus bas) Année 2007 16.23 %
59%
Abstention au 2e tour (taux les plus élevés) Année 2017 25.44 %
59%
Abstention au 1er tour (taux les plus élevés) Année 1969 22.4 %
56%
Abstention au 2e tour (taux les plus élevés) Année 1969 31.01 %
56%
Abstention au 1er tour (taux les plus bas) Année 1974 15.8 %
56%
Abstention au 2e tour (taux les plus bas) Année 1974 12.07 %
56%
Abstention au 1er tour (taux les plus élevés) Année 2002 28.4 %
56%
CANDIDATS EN 1906 52.95 Armand {Fallières} Alliance démocratique
56%
CANDIDATS EN 2002 (1er tour) 5.33 Jean-Pierre {Chevènement} MDC - Gauche
56%
CANDIDATS EN 1899 1.23 Paul {Deschanel} Républicain progressiste
56%
CANDIDATS EN JANVIER 1920 84.56 Paul {Deschanel} Alliance démocratique
56%
Abstention au 1er tour (taux les plus bas) Année 1965 15.2 %
53%
Abstention au 2e tour (taux les plus bas) Année 1965 15.7 %
53%
Département du meilleur score pour le vainqueur (suffrage universel) 1995 Corrèze 49.3 %
53%
Département du meilleur score pour le second (suffrage universel) 1988 Corrèze 39.2 %
53%
Département du pire score pour le second (suffrage universel) 1981 Corrèze 9.2 %
53%
Département du pire score pour le vainqueur (suffrage universel) 1969 Seine-Saint-Denis 33.97 %
53%
Département du pire score pour le vainqueur (suffrage universel) 1848 Bouches-du-Rhône 20.75 %
50%
CANDIDATS EN 1969 (1er tour) 5.01 Gaston {Defferre} SFIO - Socialiste
50%
Département du pire score pour le second (suffrage universel) 1988 Pas-de-Calais 14.5 %
50%
CANDIDATS EN 1969 (1er tour) 21.27 Jacques {Duclos} Parti Communiste
47%
CANDIDATS EN 1894 53.37 Jean {Casimir-Perier} Républicain
47%
CANDIDATS EN 1965 (1er tour) 15.57 Jean {Lecanuet} MRP - Centriste
47%
CANDIDATS EN 1965 (1er tour) 5.20 Jean-Louis {Tixier-Vignancour} Extrême-droite
47%
CANDIDATS EN JANVIER 1920 6.10 Georges {Clemenceau} Radical indépendant
44%
CANDIDATS EN 1947 6.80 Michel {Clemenceau} Parti Républicain de la Liberté
44%
CANDIDATS EN 1988 (1er tour) 6.76 André {Lajoinie} Parti Communiste
41%
Département du meilleur score pour le second (suffrage universel) 1848 Morbihan 60 %
41%
Département du meilleur score pour le vainqueur (suffrage universel) 2007 Alpes-Maritimes 43.6 %
38%
Département du pire score pour le vainqueur (suffrage universel) 1988 Alpes-Maritimes 24.4 %
38%
Département du meilleur score pour le second (suffrage universel) 2002 Alpes-Maritimes 26 %
38%
Département du meilleur score pour le second (suffrage universel) 2012 Alpes-Maritimes 64.31 %
38%
Département du pire score pour le second (suffrage universel) 1995 Alpes-Maritimes 16.4 %
38%
Département du pire score pour le vainqueur (suffrage universel) 2017 Aisne 47.09 %
34%
Département du meilleur score pour le second (suffrage universel) 2017 Aisne 52.91 %
34%
CANDIDATS EN 1848 5.07 Alexandre {Ledru-Rollin} Démocrate-socialiste
34%
Département du meilleur score pour le vainqueur (suffrage universel) 2012 Guadeloupe 57 %
34%
Département du pire score pour le vainqueur (suffrage universel) 1981 Guadeloupe 9.8 %
34%
Département du pire score pour le vainqueur (suffrage universel) 2022 Guadeloupe 30.40 %
34%
Département du meilleur score pour le second (suffrage universel) 2022 Guadeloupe 69.60 %
34%
Département du meilleur score pour le vainqueur (suffrage universel) 1848 Charente 95.5 %
31%
Département du pire score pour le second (suffrage universel) 1848 Charente 3.3 %
31%
Département du pire score pour le vainqueur (suffrage universel) 2012 Haut-Rhin 18.9 %
31%
Département du meilleur score pour le vainqueur (suffrage universel) 1974 Lozère 46.9 %
31%
Département du meilleur score pour le vainqueur (suffrage universel) 1965 Martinique 89.70 %
31%
Département du meilleur score pour le vainqueur (suffrage universel) 1988 Martinique 58.9 %
31%
Département du pire score pour le vainqueur (suffrage universel) 1974 Martinique 13.8 %
31%
Département du meilleur score pour le second (suffrage universel) 1981 Martinique 72.1 %
31%
Département du meilleur score pour le second (suffrage universel) 1995 Martinique 36.4 %
31%
Département du meilleur score pour le second (suffrage universel) 2007 Martinique 48.5 %
31%
Département du pire score pour le second (suffrage universel) 1965 Martinique 10.30 %
31%
Département du pire score pour le second (suffrage universel) 1969 Martinique 7.13 %
31%
Département du pire score pour le second (suffrage universel) 2002 Martinique 1.8 %
31%
Département du meilleur score pour le vainqueur (suffrage universel) 1981 Nièvre 39.3 %
31%
Département du meilleur score pour le second (suffrage universel) 1974 Nièvre 57 %
31%
Département du pire score pour le second (suffrage universel) 1974 Vendée 27.8 %
31%
Département du pire score pour le vainqueur (suffrage universel) 2007 Ariège 21.9 %
28%
Département du pire score pour le second (suffrage universel) 2007 Bas-Rhin 17.1 %
28%
CANDIDATS EN 1939 5.86 Edouard {Herriot} Parti Radical
28%
CANDIDATS EN 1848 19.61 Eugène {Cavaignac} Républicain modéré
28%
CANDIDATS EN 1899 2.83 Godefroy {Cavaignac} Nationaliste
28%
Département du meilleur score pour le vainqueur (suffrage universel) 1969 Réunion 82.16 %
28%
Département du meilleur score pour le vainqueur (suffrage universel) 2002 Réunion 37.2 %
28%
Département du pire score pour le second (suffrage universel) 2012 Réunion 18 %
28%
Département du pire score pour le vainqueur (suffrage universel) 1965 Gers 34.76 %
25%
Département du meilleur score pour le second (suffrage universel) 1965 Gers 65.24 %
25%
Département du meilleur score pour le second (suffrage universel) 1969 Gers 33.41 %
25%
Département du pire score pour le vainqueur (suffrage universel) 1995 Isère 15.8 %
25%
CANDIDATS EN 1958 13.03 Georges {Marrane} Parti Communiste
22%
Département du pire score pour le vainqueur (suffrage universel) 2002 Belfort 14.2 %
16%
CANDIDATS EN 1924 36.23 Paul {Painlevé} Parti Républicain Socialiste
13%
CANDIDATS EN 1932 1.54 Paul {Painlevé} Parti Républicain Socialiste
13%
CANDIDATS EN 1958 8.46 Albert {Châtelet} UFD - Gauche non communiste
9%
CANDIDATS EN 1885 11.81 Henri {Brisson} Union républicaine
9%
CANDIDATS EN 1894 23.08 Henri {Brisson} Républicain radical
9%
CANDIDATS EN 1895 45.13 Henri {Brisson} Républicain radical
9%
CANDIDATS EN 1885 2.43 Charles de {Freycinet} Républicain modéré
6%
CANDIDATS EN 1931 2.49 Louis {Barthou} Alliance démocratique
6%
CANDIDATS EN 1939 8.19 Marcel {Cachin} Parti Communiste
6%
CANDIDATS EN 1906 1.17 Alexandre {Ribot} Fédération républicaine
3%
CANDIDATS EN 1894 11.48 Charles {Dupuy} Républicains de gouvernement
3%
CANDIDATS EN 1913 7.99 Edouard {Vaillant} SFIO - Socialiste
3%
CANDIDATS EN 1953 37.77 Marcel-Edmond {Naegelen} SFIO - Socialiste
3%
CANDIDATS EN 1939 16.70 Albert {Bedouze} SFIO - Socialiste
0%
CANDIDATS EN 1879 14.78 Alfred {Chanzy} Républicain
0%
CANDIDATS EN 1885 1.74 Anatole de la {Forge} Gauche radicale
0%
CANDIDATS EN 1947 27.41 Auguste {Champetier de Ribes} MRP - Centriste
0%
CANDIDATS EN JANVIER 1920 6.22 Charles {Jonnart} Alliance démocratique
0%
CANDIDATS EN 1894 3.20 Emmanuel {Arago} Républicain
0%
CANDIDATS EN 1887 22.73 Félix {Saussier} Républicain conservateur
0%
CANDIDATS EN 1939 1.77 Fernand {Buisson} Indépendant
0%
CANDIDATS EN 1939 1.11 François {Piétri} Alliance démocratique
0%
CANDIDATS EN SEPTEMBRE 1920 8.78 Gustave {Delory} SFIO - Socialiste
0%
CANDIDATS EN 1947 13.82 Jules {Gasser} Parti Radical
0%
CANDIDATS EN 1899 34.36 Jules {Mélines} Républicain progressiste
0%
CANDIDATS EN 1913 34.30 Jules {Palms} Parti radical
0%
CANDIDATS EN 1939 5.53 Justin {Godart} Parti Radical
0%
CANDIDATS EN 1953 2.41 Louis {Jacquinot} CNIP - Indépendant
0%
CANDIDATS EN 1931 37.83 Pierre {Marraud} Parti Radical
0%
CANDIDATS EN 1894 6.27 Victor {Février} Conservateur
0%
CANDIDATS EN 1924 2.46 Zéphirin {Carmélinat} Parti Communiste
0%
Aucun quiz correspondant
Distribution des résultats
% des personnes avec chaque résultat
Percentile par nombre de réponses
Votre historique - résultats
Vous n’avez pas pris ce quiz